000 01307cam a2200349 i 4500
999 _c7394
_d7394
001 21792302
003 OSt
005 20211026105841.0
008 201022s2020 enk b 000 0 eng
010 _a 2020447251
020 _a9781909112711
_q(pbk.)
020 _a1909112712
_q(pbk.)
040 _aDLC
_beng
_cDDC
_erda
042 _apcc
043 _af------
050 0 0 _aJZ5584.A35
_bP4197 2020
082 0 4 _a100PEA 2020
100 _a Francis,David J.; Bainomugisha,Arthur; Rwengabo,Sabastiano;
_915144
245 0 0 _aPeace, democracy and development in Africa.
_cEdited by Francis,David J.; Bainomugisha,Arthur and Rwengabo,Sabastiano;
264 1 _aLondon.
_bAdonis & Abbey Publishers Ltd.,
_c2020.
300 _axvi,326p;
_c24cm
_bill;
504 _aIncludes; bibliographical references and index.
650 0 _aPeace-building.
_913756
651 0 _aAfrica
_xPolitics and government
_y1960-
_91127
651 0 _aAfrica
_xPolitics and government
_y21st century.
_94772
700 1 _aFrancis, David J.,
_d1965-
_eeditor.
_94619
700 1 _aBainomugisha, Arthur,
_eeditor.
_915145
700 1 _aRwengabo, Sabastiano,
_d1982-
_eeditor.
_915146
906 _a7
_bcbc
_corigres
_d3
_encip
_f20
_gy-gencatlg
942 _2ddc
_cO_SHELF